000 00765cam a2200253 a 4500
001 4417053
003 OSt
005 20160602094044.0
008 931119s1994 nyu b 001 0 eng
010 _a 93044553
020 _a0393036642 :
_c$23.00 ($29.99 Can.)
040 _aSEKU
050 0 0 _aRC 263
_b.H35 1994
100 1 _aHarpham, Wendy Schlessel.
245 1 0 _aAfter cancer :
_ba guide to your new life /
_cWendy Schlessel Harpham.
250 _a1st ed.
260 _aNew York :
_bW.W. Norton,
_cc1994.
300 _a364 p. ;
_c25 cm.
504 _aIncludes bibliographical references (p. 318-321) and index.
650 0 _aCancer
_xPopular works.
650 0 _aCancer
_xMiscellanea.
650 0 _aCancer
_xPsychological aspects.
942 _2lcc
_cGEN
999 _c14985
_d14985